Guess the lyrics (#40) - Statistics

General Stats
  • This quiz has been taken 221 times
  • The average score is 92 of 175
Answer Stats
Answer % Correct
I
99%
a
97%
the
94%
You
92%
you
92%
and
86%
me
84%
When
80%
be
79%
hear
79%
to
77%
Love
76%
love
76%
your
76%
in
72%
it
69%
my
69%
of
66%
then
66%
will
65%
on?
64%
there
60%
Don't
59%
us
54%
I'll
51%
heart
46%
just
44%
Just
44%
girl
43%
with
43%
got
42%
Think
42%
say
41%
keep
40%
now
39%
won't
39%
some
37%
together
37%
'Cause
36%
off,
34%
stop
34%
Stop,
34%
I've
31%
let
31%
need
31%
down,
29%
day
28%
really
28%
said
26%
again
25%
been
25%
sound
25%
forever
24%
thinking
24%
Look
22%
free
21%
those
21%
gone
20%
whenever
20%
babe
19%
around
18%
around,
18%
before
18%
comes
18%
gonna
18%
song
17%
sweet
16%
singing
15%
along
14%
set
14%
strong
14%
talking
14%
turn
14%
belong
13%
girls
13%
start
13%
Ain't
12%
mess
12%
better
10%
beautiful,
9%
looks
9%
others
9%
Whatever
9%
who'll
9%
Young
9%
hanging
8%
share
8%
turning
8%
While
7%
pretend
5%
No matching quizzes found
Score Distribution
Percent of People with Each Score
Percentile by Number Answered
Your Score History
You have not taken this quiz